Statistics for Flags of Central and Southern Asia

Click here to take the quiz!

General Stats

  • This quiz has been taken 118 times
  • The average score is 12 of 13

Answer Stats

Answer% Correct
India
99%
Bangladesh
98%
Nepal
98%
Kazakhstan
97%
Bhutan
95%
Pakistan
95%
Sri Lanka
95%
Afghanistan
92%
Kyrgyzstan
88%
Maldives
88%
Turkmenistan
88%
Uzbekistan
87%
Tajikistan
85%

Score Distribution

Percentile by Number Answered

Percent of People with Each Score

Your Score History

You have not taken this quiz